Formula One Jenson Button Wins - Statistics

General Stats
  • This quiz has been taken 95 times
  • The average score is 14 of 15
Answer Stats
Hint Answer % Correct
2011 Canada
96%
2009 Australia
95%
2010 Australia
95%
2012 Australia
95%
2012 Brazil
95%
2009 Spain
95%
2006 Hungary
94%
2011 Hungary
94%
2011 Japan
89%
2009 Monaco
89%
2009 Bahrain
88%
2010 China
88%
2012 Belgium
83%
2009 Malaysia
83%
2009 Turkey
83%
No matching quizzes found
Score Distribution
Percent of People with Each Score
Percentile by Number Answered
Your Score History
You have not taken this quiz